000 00988nam a22001937a 4500
008 110727t xxu||||| |||| 00| 0 ara d
020 _a97772059
082 _222
_a297.265
_bغ م ر
100 1 _926575
_aالغمراوى ، محمد أحمد
245 _aالإسلام فى عصر العلم :
_bالدين . والرسول . والكتاب /
_cمحمد أحمد الغمراوى ؛ إعداد أحمد عبد السلام الكردانى
260 _aالقاهرة :
_bدار الكتب الحديثة ،
_c[1978].
300 _a464 ص ؛
_c24 سم.
504 _aيشتمل على إرجاعات ببليوجرافية
650 _926583
_aالاسلام والعلم
653 _bGeneral
_cJuly2011
700 1 _926576
_aالكردانى ، أحمد عبد السلام
_eإعداد
942 _2ddc
_cBB
999 _c15753
_d15753